Local government in England and Wales (Record no. 373507)

000 -LEADER
fixed length control field 00459cam a22001697a 4500
008 - FIXED-LENGTH DATA ELEMENTS--GENERAL INFORMATION
fixed length control field 180718b1953 xxu||||| |||| 00| 0 eng d
082 ## - DEWEY DECIMAL CLASSIFICATION NUMBER
Classification number B7x42 M441
100 ## - MAIN ENTRY--PERSONAL NAME
Personal name Maud, John
245 ## - TITLE STATEMENT
Title Local government in England and Wales
Statement of responsibility, etc. by John Maud and S.E. Finer
250 ## - EDITION STATEMENT
Edition statement 2nd ed.
260 ## - PUBLICATION, DISTRIBUTION, ETC.
Place of publication, distribution, etc. London
Name of publisher, distributor, etc. OUP
Date of publication, distribution, etc. 1953
300 ## - PHYSICAL DESCRIPTION
Extent 230p.
500 ## - GENERAL NOTE
General note 7/6
650 ## - SUBJECT ADDED ENTRY--TOPICAL TERM
Topical term or geographic name entry element Local government --Wales.
650 ## - SUBJECT ADDED ENTRY--TOPICAL TERM
Topical term or geographic name entry element Local government --England
700 ## - ADDED ENTRY--PERSONAL NAME
Personal name Finer, S.E.
Holdings
Withdrawn status Lost status Damaged status Not for loan Permanent Location Current Location Date acquired Full call number Barcode Date last seen Price effective from Koha item type
        Indian Institute of Public Administration Indian Institute of Public Administration 2008-12-24 B7x42 M441 DA191 2018-07-21 2018-07-21 DA
        Indian Institute of Public Administration Indian Institute of Public Administration 1994-06-20 B7x42 M441 10892 2018-07-21 2018-07-21 Book

Powered by Koha